00341nam a2200133Ia 4500008004000000041000800040082001500048100002100063245004000084250000500124260003900129300000800168650003100176210210b1979 xxu||||| |||| 00| 0 eng d aeng a820.9 ALBH aALBERT (Edward). aHistory of english literature.Ed 5. a aN DbOxford University Pressc1979 a663 aHistory English Literature